00494nam a2200157Ia 4500008004100000020001800041082001500059100002100074245008800095250000800183260003200191300002000223520001800243600002500261650005000286230616s9999 xx 000 0 und d a9780367538828 a006.31 KOL a Kolosova, Tanya 0aSupervised machine learning: optimization framework and applications with SAS and R a.NA aNew York:bCRC Press,c2021 b160p.fOriginal aInclude Index a004 Computer Science aComputer science, information & general works